Prolhané holky / (Záznam č. 34239)

Podrobnosti MARC
000 -Návěští
Řídící pole kódované 24B 01889nam a2200397 i 4500
001 - Kontrolní číslo
Řídící pole proměnné 5220828
003 - Identifikátor kontrolního čísla
Řídící pole proměnné CZ PrSKC
005 - Datum posledního zpracování
Řídící pole 16B 20260429110757.0
007 - Pole pevné délky pro fyzický popis
Řídící pole kódované ta
008 - Údaje pevné délky
Řídící pole kódované 40B 260320s2026 xr g 000 f cze
020 ## - ISBN
ISBN 9788027743728
Dostupnost Kč 449,00
040 ## - Zdroj katalogizace-agentura
Agentura původní katalogizace ABG001
Jazyk katalogizace cze
Použitá pravidla popisu rda
041 1# - Kód jazyka
Kód jazyka textu/zvuku, mezititulků cze
Kód jazyka originálu ice
072 #7 - Kód předmětové kategorie - Konspekt
Předmětová kategorie 821.11
Zpřesnění předmětové kategorie Germánské literatury
Zdroj předmětové klasifikace Konspekt
080 ## - MDT
Klasifikační znak MDT 821.113.3-31
Idetifikátor vydání MDT MRF
080 ## - MDT
Klasifikační znak MDT (0:82-312.4)
Idetifikátor vydání MDT MRF
100 0# - Hlavní záhlaví - osobní jméno autora
Osobní jméno Eva Björg Ægisdóttir,
Datumy související se jménem 1988-
Kód role aut
9 (RLIN) 19681
240 10 - Unifikovaný název
Unifikovaný název <a href="Stelpur sem ljúga.">Stelpur sem ljúga.</a>
Jazyk díla Česky
245 10 - Údaje o názvu
Název Prolhané holky /
Údaj o odpovědností, atd. Eva Björg Ægisdóttir ; přeložila Martina Kašparová
264 #1 - Nakladatelské údaje
Místo vydání Praha :
Nakladatel Dobrovský s.r.o.,
Rok vydání 2026
300 ## - Fyzický popis
Rozsah 339 stran ;
Rozměry 21 cm
490 1# - Údaje o edici
Údaje o edici Vendeta
500 ## - Všeobecná poznámka
Text obecné poznámky Přeloženo z islandštiny
500 ## - Všeobecná poznámka
Text obecné poznámky Obálkový podnázev: další případ pro Elmu Jónsdóttir
520 2# - Anotace
Anotace, atd. Policistka Elma Jónsdóttir z akraneského oddělení obnovuje vyšetřování a postupně odhaluje temné souvislosti sahající hluboko do minulosti. Psychologický thriller o tom, jak narušené dětství a traumata mohou později v životě vést k děsivým událostem.
Rozšířený text anotace Když se po měsících pátrání najde tělo zmizelé svobodné matky Maríanny, musí policistka Elma Jónsdóttir a její akraneští kolegové znovu otevřít případ, který byl původně považován za sebevraždu. Paralelně se odvíjí příběh matky, jež nedokáže přijmout vlastní dítě. Vztah, který se nebezpečně vychýlí a vyústí v tragédii.
655 #7 - Rejstříkový termín - žánr/forma
Žánr/forma či základní termín islandské romány
-- 2604
655 #7 - Rejstříkový termín - žánr/forma
Žánr/forma či základní termín detektivní romány
655 #7 - Rejstříkový termín - žánr/forma
Žánr/forma či základní termín thrillery (romány)
-- 20
655 #9 - Rejstříkový termín - žánr/forma
Žánr/forma či základní termín Icelandic fiction
-- 2605
655 #9 - Rejstříkový termín - žánr/forma
Žánr/forma či základní termín detective novels
655 #9 - Rejstříkový termín - žánr/forma
Žánr/forma či základní termín thrillers (novels)
-- 125
700 1# - Vedlejší záhlaví - osobní jméno autora
Osobní jméno Kašparová, Martina,
Datumy související se jménem 1987-
Kód role trl
9 (RLIN) 19084
710 2# - Vedlejší záhlaví - jméno korporativního autora
Jméno korporace nebo jurisdikce Dobrovský (firma)
Kód role pbl
9 (RLIN) 20424
910 ## - Údaje o vlastníkovi jednotky (exempláře)
Sigla vlastníka jednotky ABG508
Jednotky
Stav ztráty Zdroj klasifikace pro skladování Stav poškození
  Universal Decimal Classification  

Používáme knihovní systém Koha